[Event "FICGS W-ch st2 g01 email"]
[Site "FICGS email"]
[Date "2012.01.12"]
[Round "1"]
[White "Zeman, Martin"]
[Black "Vidanovic, Djordje"]
[Result "1/2-1/2"]
[WhiteElo "2205"]
[BlackElo "2203"]
[PlyCount "45"]
[EventDate "2012.??.??"]
[EventType "tourn (corr)"]
[EventRounds "8"]
[SourceTitle "Corr 2022"]
[Source "ChessBase"]
[SourceDate "2021.10.24"]
[SourceVersion "1"]
[SourceVersionDate "2021.10.24"]
[SourceQuality "1"]

1. e4 e5 2. Nf3 Nc6 3. Bb5 a6 4. Ba4 Nf6 5. 0-0 Be7 6. Re1 b5 7. Bb3 d6 8. c3 0-0 9. h3 Re8 10. d4 Bb7 11. Nbd2 Bf8 12. a4 h6 13. Bc2 exd4 14. cxd4 Nb4 15. Bb1 c5 16. d5 g6 17. Ra3 Bg7 18. Nf1 Nd7 19. Ne3 h5 20. Qb3 Nf6 21. Nd1 bxa4 22. Qxa4 a5 23. Bg5 1/2-1/2

[Event "FICGS W-ch st1 gN 01 email"]
[Site "FICGS email"]
[Date "2011.04.01"]
[Round "1"]
[White "Broniek, Mariusz Maciej"]
[Black "Vidanovic, Djordje"]
[Result "0-1"]
[WhiteElo "2152"]
[BlackElo "2193"]
[PlyCount "26"]
[EventDate "2011.??.??"]
[EventType "tourn (corr)"]
[EventRounds "6"]
[SourceTitle "Corr 2013"]
[Source "ChessBase"]
[SourceDate "2012.11.12"]
[SourceVersion "1"]
[SourceVersionDate "2012.11.12"]
[SourceQuality "1"]

1. e4 e5 2. Nf3 Nc6 3. Bb5 a6 4. Ba4 Nf6 5. 0-0 Be7 6. Re1 b5 7. Bb3 d6 8. c3 0-0 9. h3 Nb8 10. d3 Nbd7 11. Nbd2 c5 12. Nf1 Nb6 13. Bc2 Qc7 0-1

[Event "FICGS W-ch st1 gN 01 email"]
[Site "FICGS email"]
[Date "2011.04.01"]
[Round "1"]
[White "Vidanovic, Djordje"]
[Black "Legrand, Stephane"]
[Result "1/2-1/2"]
[WhiteElo "2193"]
[BlackElo "2173"]
[PlyCount "123"]
[EventDate "2011.??.??"]
[EventType "tourn (corr)"]
[EventRounds "6"]
[SourceTitle "Corr 2013"]
[Source "ChessBase"]
[SourceDate "2012.11.12"]
[SourceVersion "1"]
[SourceVersionDate "2012.11.12"]
[SourceQuality "1"]

1. d4 d5 2. c4 c6 3. Nf3 Nf6 4. e3 e6 5. Nc3 Nbd7 6. Bd3 dxc4 7. Bxc4 b5 8. Bd3 Bb7 9. a3 Bd6 10. Bd2 0-0 11. 0-0 a5 12. Qc2 Rc8 13. Rfc1 b4 14. axb4 axb4 15. Ne4 Nxe4 16. Bxe4 Nf6 17. Bd3 c5 18. Qd1 Qb6 19. dxc5 Rxc5 20. Qe2 Rxc1+ 21. Rxc1 Rd8 22. h3 Ne4 23. Be1 g6 24. Qc2 Nc5 25. Bf1 Bd5 26. Nd2 Qa7 27. Bc4 Be7 28. b3 Bb7 29. Rd1 Rc8 30. Nf1 Ba8 31. f3 Nd7 32. Bf2 Ne5 33. e4 Qb8 34. Ne3 Bc6 35. Qd2 Be8 36. Kh1 Nxc4 37. Nxc4 Rd8 38. Qc1 Rxd1+ 39. Qxd1 Bb5 40. Qd4 Qc7 41. Qb6 Qxb6 42. Nxb6 f6 43. Kg1 Kf7 44. Bd4 Ke8 45. Kf2 Kd8 46. Ke1 Kc7 47. g3 Bd6 48. Bf2 Be5 49. Kd2 g5 50. Kc2 Bf1 51. Nc4 Bc3 52. h4 Bg2 53. Nd2 gxh4 54. gxh4 Kc6 55. Be3 Bxd2 56. Bxd2 Bxf3 57. e5 f5 58. Bxb4 Kd5 59. Kd3 Kxe5 60. Ke3 Bd1 61. Bc3+ Kd5 62. Kf4 1/2-1/2

[Event "FICGS rapid M 000037 email"]
[Site "FICGS email"]
[Date "2010.11.24"]
[Round "1"]
[White "Vidanovic, Djordje"]
[Black "Boehme, Sebastian"]
[Result "1/2-1/2"]
[WhiteElo "2148"]
[BlackElo "2300"]
[PlyCount "45"]
[EventDate "2010.??.??"]
[EventType "tourn (rapid)"]
[EventRounds "6"]
[SourceTitle "Corr 2013"]
[Source "ChessBase"]
[SourceDate "2012.11.12"]
[SourceVersion "1"]
[SourceVersionDate "2012.11.12"]
[SourceQuality "1"]

1. e4 e5 2. Nf3 Nc6 3. Bb5 a6 4. Ba4 Nf6 5. 0-0 Be7 6. Re1 b5 7. Bb3 d6 8. c3 0-0 9. h3 Bb7 10. d4 Re8 11. Nbd2 Bf8 12. a3 h6 13. Bc2 d5 14. dxe5 Nxe5 15. Nxe5 Rxe5 16. Nf3 Re8 17. e5 Ne4 18. Bf4 c5 19. a4 Bc6 20. Nd2 Qh4 21. Qf3 Nxd2 22. Bxd2 bxa4 23. Bf4 1/2-1/2

[Event "FICGS rapid M 000035 email"]
[Site "FICGS email"]
[Date "2010.11.04"]
[Round "1"]
[White "Nichols, Scott"]
[Black "Vidanovic, Djordje"]
[Result "1/2-1/2"]
[WhiteElo "2202"]
[BlackElo "2148"]
[PlyCount "31"]
[EventDate "2010.??.??"]
[EventType "tourn (rapid)"]
[EventRounds "6"]
[SourceTitle "Corr 2013"]
[Source "ChessBase"]
[SourceDate "2012.11.12"]
[SourceVersion "1"]
[SourceVersionDate "2012.11.12"]
[SourceQuality "1"]

1. e4 e5 2. Nf3 Nc6 3. d4 exd4 4. c3 d5 5. exd5 Qxd5 6. cxd4 Bg4 7. Be2 Bb4+ 8. Nc3 Bxf3 9. Bxf3 Qc4 10. Qb3 Qxb3 11. axb3 Nxd4 12. Bxb7 Rb8 13. Rxa7 Bc5 14. Ra8 Rxa8 15. Bxa8 Nf6 16. Bg5 1/2-1/2

[Event "FICGS rapid M 000035 email"]
[Site "FICGS email"]
[Date "2010.11.04"]
[Round "1"]
[White "Vidanovic, Djordje"]
[Black "Dineen, Thomas"]
[Result "1-0"]
[WhiteElo "2148"]
[BlackElo "2140"]
[PlyCount "111"]
[EventDate "2010.??.??"]
[EventType "tourn (rapid)"]
[EventRounds "6"]
[SourceTitle "Corr 2013"]
[Source "ChessBase"]
[SourceDate "2012.11.12"]
[SourceVersion "1"]
[SourceVersionDate "2012.11.12"]
[SourceQuality "1"]

1. e4 e6 2. d4 d5 3. Nc3 Nf6 4. Bg5 Bb4 5. e5 h6 6. Be3 Ne4 7. Qg4 g6 8. a3 Bxc3+ 9. bxc3 c5 10. Bd3 h5 11. Qf3 Nxc3 12. dxc5 Nc6 13. Qf4 d4 14. Bd2 Nd5 15. Qe4 Qe7 16. Nf3 Qxc5 17. 0-0 a6 18. Qh4 b5 19. Be4 Kf8 20. Bg5 Kg8 21. Rfd1 Bb7 22. Bxd5 Qxd5 23. Bf6 Rh7 24. Rac1 Rc8 25. c3 Na5 26. Rxd4 Qa2 27. Rcd1 Bd5 28. Ng5 Qxa3 29. Qh3 Qxc3 30. Rxd5 exd5 31. Qd7 Rf8 32. Be7 Qc8 33. Qxd5 Re8 34. Bb4 Nc6 35. Nxh7 Rxe5 36. Nf6+ Kg7 37. Qd6 Re6 38. Qc5 Ne7 39. Qd4 Nf5 40. Nxh5+ Kh7 41. Qd5 Qc6 42. Nf4 Qxd5 43. Nxd5 Rc6 44. f4 Rc2 45. Rd3 Rc1+ 46. Kf2 Rc2+ 47. Rd2 Rc4 48. Bc3 Ng7 49. Rd3 Kg8 50. Re3 Ne6 51. Rh3 f5 52. Rh8+ Kf7 53. Rh7+ Kg8 54. Nf6+ Kf8 55. Be5 Rc6 56. Rd7 1-0

[Event "FICGS rapid M 000034 email"]
[Site "FICGS email"]
[Date "2010.10.29"]
[Round "1"]
[White "Nichols, Scott"]
[Black "Vidanovic, Djordje"]
[Result "1/2-1/2"]
[WhiteElo "2220"]
[BlackElo "2122"]
[PlyCount "49"]
[EventDate "2010.??.??"]
[EventType "tourn (rapid)"]
[EventRounds "6"]
[SourceTitle "Corr 2013"]
[Source "ChessBase"]
[SourceDate "2012.11.12"]
[SourceVersion "1"]
[SourceVersionDate "2012.11.12"]
[SourceQuality "1"]

1. Nf3 c5 2. c4 b6 3. d4 cxd4 4. Nxd4 Bb7 5. Nc3 Nf6 6. f3 e6 7. e4 Bc5 8. Nb3 Bb4 9. Bf4 Qe7 10. Be2 Bxc3+ 11. bxc3 e5 12. Be3 0-0 13. 0-0 d6 14. a4 Nbd7 15. a5 Nc5 16. Nxc5 bxc5 17. Bg5 h6 18. Bh4 g5 19. Bf2 Nh5 20. g3 Ng7 21. Bd3 Rab8 22. Qe2 Bc6 23. Rfd1 Qc7 24. Bc2 Ne6 25. Be3 1/2-1/2

[Event "FICGS rapid M 000034 email"]
[Site "FICGS email"]
[Date "2010.10.29"]
[Round "1"]
[White "Vidanovic, Djordje"]
[Black "Bernal Varela, Nelson"]
[Result "1-0"]
[WhiteElo "2122"]
[BlackElo "2116"]
[PlyCount "161"]
[EventDate "2010.??.??"]
[EventType "tourn (rapid)"]
[EventRounds "6"]
[SourceTitle "Corr 2013"]
[Source "ChessBase"]
[SourceDate "2012.11.12"]
[SourceVersion "1"]
[SourceVersionDate "2012.11.12"]
[SourceQuality "1"]

1. d4 Nf6 2. Bg5 Ne4 3. Bf4 c5 4. Nd2 Nxd2 5. Qxd2 cxd4 6. 0-0-0 d6 7. Qxd4 Nc6 8. Qa4 Bd7 9. e4 e5 10. Be3 Be7 11. Ne2 Na5 12. Qa3 Nc4 13. Qd3 Nxe3 14. Qxe3 b5 15. Kb1 b4 16. Ng3 0-0 17. Ba6 Be6 18. Nf5 Rb8 19. Qe2 Qd7 20. Ne3 Bd8 21. Qd3 Bg5 22. Nd5 Kh8 23. h4 Bh6 24. b3 f6 25. Rhf1 Rf7 26. Qe2 Rff8 27. f3 Bg8 28. g3 Be6 29. Rd3 Bh3 30. Rg1 Be6 31. Rdd1 Bg8 32. Rge1 Be6 33. Rf1 Rfd8 34. Qf2 Re8 35. Rfe1 Qc6 36. Bc4 Qd7 37. Rg1 a5 38. Rd3 Red8 39. g4 Bf4 40. Nxf4 Bxc4 41. bxc4 exf4 42. g5 f5 43. h5 Re8 44. exf5 Qxf5 45. Rd5 Qh3 46. h6 Re3 47. Rxd6 Qxf3 48. Qd2 b3 49. Rd8+ Re8 50. Rxe8+ Rxe8 51. axb3 Qe3 52. Qxe3 fxe3 53. c3 Kg8 54. Kc2 Re6 55. Kd3 gxh6 56. gxh6+ Kf7 57. c5 Rxh6 58. b4 Rh5 59. Ra1 Re5 60. Ke2 axb4 61. cxb4 Ke6 62. Ra3 Kd5 63. Rxe3 Rg5 64. Re8 Rg3 65. Rd8+ Kc6 66. Rd6+ Kb7 67. Rh6 Rc3 68. Rxh7+ Kc6 69. Rh6+ Kd5 70. Rh8 Rc4 71. Rb8 Rc3 72. Kd2 Rb3 73. Rd8+ Kc6 74. Rd6+ Kc7 75. Rb6 Ra3 76. Kc2 Re3 77. Rd6 Rf3 78. Rd3 Rf1 79. Kb3 Kc6 80. Rd6+ Kc7 81. Kc4 1-0

[Event "FICGS rapid M 000034 email"]
[Site "FICGS email"]
[Date "2010.10.29"]
[Round "1"]
[White "Vidanovic, Djordje"]
[Black "Gazi, Miroslav"]
[Result "1/2-1/2"]
[WhiteElo "2122"]
[BlackElo "2300"]
[PlyCount "93"]
[EventDate "2010.??.??"]
[EventType "tourn (rapid)"]
[EventRounds "6"]
[SourceTitle "Corr 2013"]
[Source "ChessBase"]
[SourceDate "2012.11.12"]
[SourceVersion "1"]
[SourceVersionDate "2012.11.12"]
[SourceQuality "1"]

1. d4 Nf6 2. c4 e6 3. Nf3 b6 4. g3 Ba6 5. b3 Bb4+ 6. Bd2 Qe7 7. Bg2 0-0 8. Ne5 d5 9. 0-0 Bxd2 10. Qxd2 Bb7 11. Rd1 Ne4 12. Qe3 Nd6 13. Qc1 c6 14. Qa3 f6 15. Nd3 Re8 16. Nd2 a5 17. Rac1 Na6 18. Nb2 b5 19. Nd3 e5 20. dxe5 fxe5 21. cxd5 cxd5 22. Nb1 d4 23. Bxb7 Nxb7 24. Qxe7 Rxe7 25. Rc6 Nd8 26. Rb6 Nc7 27. e4 dxe3 28. fxe3 b4 29. Nb2 Nde6 30. Nc4 Ng5 31. Rbd6 Ne4 32. Rd8+ Re8 33. Rxe8+ Nxe8 34. Nxe5 N8d6 35. a4 Re8 36. Rd5 Rc8 37. Nd2 Rc1+ 38. Kg2 Rc2 39. Nef3 Nb7 40. Kh3 Nxd2 41. Nxd2 Nc5 42. Kg4 Kf7 43. Kf5 Ke7 44. e4 g6+ 45. Ke5 Rc3 46. Nc4 Nxb3 47. Nxa5 1/2-1/2

[Event "FICGS rapid M 000024 email"]
[Site "FICGS email"]
[Date "2010.01.20"]
[Round "1"]
[White "Deline, Ralph"]
[Black "Vidanovic, Djordje"]
[Result "1/2-1/2"]
[WhiteElo "2108"]
[BlackElo "2102"]
[PlyCount "77"]
[EventDate "2010.??.??"]
[EventType "tourn (rapid)"]
[EventRounds "6"]
[SourceTitle "Corr 2013"]
[Source "ChessBase"]
[SourceDate "2012.11.12"]
[SourceVersion "1"]
[SourceVersionDate "2012.11.12"]
[SourceQuality "1"]

1. e4 e5 2. Nf3 Nc6 3. Bc4 Be7 4. d4 exd4 5. Nxd4 Nf6 6. Nxc6 bxc6 7. e5 Ne4 8. Qf3 d5 9. exd6 Nxd6 10. 0-0 0-0 11. Bd3 Bf6 12. Qxc6 Bb7 13. Qa4 c5 14. Rd1 Qb6 15. Na3 Bd4 16. Qb3 Ne4 17. Bxe4 Bxe4 18. Qxb6 axb6 19. c3 Bf6 20. Nc4 Rfd8 21. Be3 Rxd1+ 22. Rxd1 Rxa2 23. f3 b5 24. fxe4 bxc4 25. Rd5 Rxb2 26. Rxc5 h6 27. e5 Bg5 28. Bd4 Kh7 29. Rxc4 Kg6 30. Rb4 Rc2 31. Rb7 h5 32. Kf1 h4 33. h3 Bf4 34. Rd7 Bg5 35. Ra7 Bf4 36. Re7 Bg5 37. Rd7 Bd2 38. Rc7 Bf4 39. Rc5 1/2-1/2

[Event "FICGS rapid M 000024 email"]
[Site "FICGS email"]
[Date "2010.01.20"]
[Round "1"]
[White "Koch, Christian"]
[Black "Vidanovic, Djordje"]
[Result "1/2-1/2"]
[WhiteElo "2180"]
[BlackElo "2102"]
[PlyCount "53"]
[EventDate "2010.??.??"]
[EventType "tourn (rapid)"]
[EventRounds "6"]
[SourceTitle "Corr 2013"]
[Source "ChessBase"]
[SourceDate "2012.11.12"]
[SourceVersion "1"]
[SourceVersionDate "2012.11.12"]
[SourceQuality "1"]

1. d4 Nf6 2. c4 e6 3. g3 Bb4+ 4. Bd2 Qe7 5. Nf3 Bxd2+ 6. Qxd2 Nc6 7. e3 b6 8. Nc3 0-0 9. Bg2 Rb8 10. 0-0 Ba6 11. b3 d5 12. Qb2 Rfd8 13. Nd2 h6 14. Rab1 Na5 15. Rfd1 c6 16. Nf3 Qb4 17. Ne1 Qe7 18. Qc2 Qc7 19. e4 dxc4 20. b4 Nb7 21. a4 b5 22. Ra1 Qb6 23. Nf3 Ra8 24. Bf1 Rdb8 25. Ra2 Nd8 26. Ne5 Bc8 27. Rb2 1/2-1/2

[Event "FICGS W-ch st2 g04 email"]
[Site "FICGS email"]
[Date "2009.11.03"]
[Round "1"]
[White "Broniek, Mariusz Maciej"]
[Black "Vidanovic, Djordje"]
[Result "1-0"]
[WhiteElo "2186"]
[BlackElo "2102"]
[PlyCount "113"]
[EventDate "2009.??.??"]
[EventType "tourn (corr)"]
[EventRounds "8"]
[SourceTitle "Corr 2022"]
[Source "ChessBase"]
[SourceDate "2021.10.24"]
[SourceVersion "1"]
[SourceVersionDate "2021.10.24"]
[SourceQuality "1"]

1. e4 e5 2. Nf3 Nc6 3. Bb5 a6 4. Ba4 Nf6 5. 0-0 Be7 6. Re1 b5 7. Bb3 d6 8. c3 0-0 9. h3 Re8 10. d4 Bb7 11. Nbd2 Bf8 12. a4 h6 13. Bc2 Qd7 14. d5 Ne7 15. b3 Ng6 16. Nf1 c6 17. Ne3 cxd5 18. exd5 Nf4 19. c4 Qc7 20. Qd2 bxc4 21. bxc4 a5 22. Kh2 Ba6 23. g3 N4h5 24. Bb2 Rec8 25. Rec1 Nd7 26. Bc3 Qa7 27. Bxa5 Nhf6 28. Bd1 Rab8 29. Qe1 Qc5 30. Rab1 e4 31. Nh4 Ne5 32. Be2 Nfd7 33. Rxb8 Rxb8 34. Bc3 g6 35. Rb1 Nxc4 36. Rxb8 Nxb8 37. Ng4 Nd7 38. Ba1 Qa3 39. Qd1 Qc5 40. Qc1 Nce5 41. Nf6+ Nxf6 42. Qxc5 dxc5 43. Bxa6 Bd6 44. a5 Nxd5 45. Bxe5 Bxe5 46. Nxg6 fxg6 47. Bc4 Kg7 48. Bxd5 g5 49. Kg2 Kf6 50. Bxe4 Bb8 51. Kf3 c4 52. Kg4 Ba7 53. f4 Be3 54. Kf3 gxf4 55. gxf4 Bg1 56. Bd5 c3 57. Be4 1-0

[Event "FICGS W-ch st2 g04 email"]
[Site "FICGS email"]
[Date "2009.11.03"]
[Round "1"]
[White "Vidanovic, Djordje"]
[Black "Lehnhoff, Heinz Georg"]
[Result "1-0"]
[WhiteElo "2102"]
[BlackElo "2238"]
[PlyCount "83"]
[EventDate "2009.??.??"]
[EventType "tourn (corr)"]
[EventRounds "8"]
[SourceTitle "Corr 2022"]
[Source "ChessBase"]
[SourceDate "2021.10.24"]
[SourceVersion "1"]
[SourceVersionDate "2021.10.24"]
[SourceQuality "1"]

1. d4 Nf6 2. c4 e6 3. Nf3 b6 4. g3 Ba6 5. b3 b5 6. cxb5 Bxb5 7. a3 a5 8. Nc3 Bc6 9. Bg2 Qc8 10. 0-0 Qb7 11. Re1 Ne4 12. Bb2 Ra6 13. Bf1 Rb6 14. Nxe4 Bxe4 15. Nd2 Bd5 16. e4 Bxb3 17. Qh5 Be7 18. d5 0-0 19. Bd4 c5 20. dxc6 Rxc6 21. Rab1 a4 22. Nxb3 axb3 23. Qg4 g6 24. Re3 b2 25. Rxb2 Qa8 26. Qd1 Rfc8 27. Reb3 Na6 28. Rb7 Bxa3 29. R2b3 Bc5 30. Bb2 Rd6 31. Qa1 Rdc6 32. Rxd7 R6c7 33. Qa4 h6 34. Rbd3 Rxd7 35. Rxd7 Nc7 36. Qb3 Ne8 37. Qf3 f5 38. Qf4 Qc6 39. Qxh6 Qxd7 40. Qh8+ Kf7 41. Qh7+ Ng7 42. Bxg7 1-0

[Event "FICGS W-ch st2 g04 email"]
[Site "FICGS email"]
[Date "2009.11.03"]
[Round "1"]
[White "Vidanovic, Djordje"]
[Black "Ould Ahmed, Samy"]
[Result "1/2-1/2"]
[WhiteElo "2102"]
[BlackElo "1906"]
[PlyCount "67"]
[EventDate "2009.??.??"]
[EventType "tourn (corr)"]
[EventRounds "8"]
[SourceTitle "Corr 2022"]
[Source "ChessBase"]
[SourceDate "2021.10.24"]
[SourceVersion "1"]
[SourceVersionDate "2021.10.24"]
[SourceQuality "1"]

1. d4 Nf6 2. c4 g6 3. Nc3 Bg7 4. e4 d6 5. Nf3 0-0 6. Be2 e5 7. 0-0 Nc6 8. d5 Ne7 9. b4 Nh5 10. Re1 f5 11. Ng5 Nf6 12. Bf3 c6 13. Ba3 cxd5 14. cxd5 h6 15. Ne6 Bxe6 16. dxe6 fxe4 17. Bxe4 Rc8 18. Rc1 Qb6 19. Bf3 Rxc3 20. Rxc3 e4 21. Rb3 exf3 22. Rxf3 d5 23. b5 Re8 24. Bb2 Nh5 25. g4 Bxb2 26. gxh5 Bg7 27. hxg6 Qxb5 28. Rf7 Qb4 29. Kf1 Qb5+ 30. Kg2 d4 31. Qf3 Nxg6 32. Rxg7+ Kxg7 33. Qf7+ Kh8 34. Qf6+ 1/2-1/2

[Event "FICGS W-ch st1 g07 email"]
[Site "FICGS email"]
[Date "2009.02.03"]
[Round "1"]
[White "Hase, Pavel"]
[Black "Vidanovic, Djordje"]
[Result "1/2-1/2"]
[WhiteElo "2127"]
[BlackElo "2011"]
[PlyCount "93"]
[EventDate "2009.??.??"]
[EventType "tourn (corr)"]
[EventRounds "8"]
[SourceTitle "Corr 2022"]
[Source "ChessBase"]
[SourceDate "2021.10.24"]
[SourceVersion "1"]
[SourceVersionDate "2021.10.24"]
[SourceQuality "1"]

1. e4 e5 2. Nf3 Nc6 3. Bb5 a6 4. Ba4 Nf6 5. 0-0 Be7 6. Re1 b5 7. Bb3 d6 8. c3 Bb7 9. a4 0-0 10. d4 h6 11. Qe2 Qd7 12. h3 Rfb8 13. Bd2 Bf8 14. Bc2 Re8 15. axb5 axb5 16. Rxa8 Bxa8 17. Qxb5 Rb8 18. Qa4 exd4 19. cxd4 Nb4 20. Qxd7 Nxd7 21. Bxb4 Rxb4 22. b3 c5 23. Rd1 g6 24. d5 Bg7 25. Nbd2 Nb6 26. Ne1 Bc3 27. Nd3 Bxd2 28. Nxb4 Bxb4 29. Ra1 Bb7 30. Ra7 Bc8 31. Rc7 c4 32. bxc4 f6 33. Ba4 Bxh3 34. Be8 Bg4 35. f3 Bc8 36. Bxg6 Ba6 37. Bf7+ Kh8 38. Kh2 Nxc4 39. Rc6 Bb5 40. Rc7 Bc5 41. Kh3 Ne3 42. g4 Be2 43. Be6 Bb4 44. Kh4 Bd2 45. Kh5 Nc4 46. Bf5 Ne5 47. Rc2 1/2-1/2

[Event "FICGS W-ch st1 g07 email"]
[Site "FICGS email"]
[Date "2009.02.03"]
[Round "1"]
[White "Roe, Philip"]
[Black "Vidanovic, Djordje"]
[Result "0-1"]
[WhiteElo "1707"]
[BlackElo "2011"]
[PlyCount "86"]
[EventDate "2009.??.??"]
[EventType "tourn (corr)"]
[EventRounds "8"]
[SourceTitle "Corr 2022"]
[Source "ChessBase"]
[SourceDate "2021.10.24"]
[SourceVersion "1"]
[SourceVersionDate "2021.10.24"]
[SourceQuality "1"]

1. e4 c5 2. Nf3 d6 3. d4 cxd4 4. Nxd4 Nf6 5. Nc3 a6 6. f4 e6 7. Qf3 e5 8. fxe5 dxe5 9. Nf5 Nc6 10. Bg5 Bxf5 11. Qxf5 Bb4 12. Bd3 Qd4 13. Bd2 Bxc3 14. Bxc3 Qe3+ 15. Kf1 0-0 16. h4 Qb6 17. Rh3 h5 18. Qf2 Nd4 19. Bxd4 exd4 20. b3 Ng4 21. Qf4 Rae8 22. Kg1 Re6 23. Rf3 Qc5 24. Raf1 Ne3 25. R1f2 b5 26. Rg3 Ng4 27. Rxg4 hxg4 28. Qxg4 Rfe8 29. Qf5 Qc7 30. Qg5 Re5 31. Qg4 R8e6 32. Rf5 Rxf5 33. Qxf5 Qg3 34. Qf2 Rg6 35. Be2 Qe3 36. Qxe3 dxe3 37. Kf1 Rf6+ 38. Bf3 Rc6 39. Bd1 Rd6 40. Be2 Rd2 41. Bd3 Rf2+ 42. Kg1 Kf8 43. a3 Ke7 0-1

[Event "FICGS W-ch st1 g07 email"]
[Site "FICGS email"]
[Date "2009.02.03"]
[Round "1"]
[White "Vidanovic, Djordje"]
[Black "D Ettorre, Rodolfo"]
[Result "1-0"]
[WhiteElo "2011"]
[BlackElo "1923"]
[PlyCount "67"]
[EventDate "2009.??.??"]
[EventType "tourn (corr)"]
[EventRounds "8"]
[SourceTitle "Corr 2022"]
[Source "ChessBase"]
[SourceDate "2021.10.24"]
[SourceVersion "1"]
[SourceVersionDate "2021.10.24"]
[SourceQuality "1"]

1. e4 e5 2. Nf3 Nc6 3. d4 exd4 4. Nxd4 Nf6 5. Nxc6 bxc6 6. e5 Qe7 7. Qe2 Nd5 8. c4 Ba6 9. b3 g6 10. f4 Bg7 11. Qf2 Nb6 12. Ba3 Qe6 13. c5 Bxe5 14. fxe5 Qxe5+ 15. Kd1 Qxa1 16. Kc1 Nc4 17. bxc4 0-0-0 18. Bb4 Qg7 19. Bc3 Qh6+ 20. Nd2 Rhf8 21. Bd3 Rde8 22. Kc2 Qe3 23. Qxe3 Rxe3 24. Rf1 f5 25. g4 f4 26. Bg7 Rf7 27. Bd4 Ree7 28. g5 Re6 29. h4 d5 30. cxd6 cxd6 31. Bf6 d5 32. Rxf4 Re1 33. h5 gxh5 34. Nf3 1-0

[Event "FICGS rapid A 000058 email"]
[Site "FICGS email"]
[Date "2009.01.13"]
[Round "1"]
[White "Vidanovic, Djordje"]
[Black "Riha, Josef"]
[Result "1/2-1/2"]
[WhiteElo "2011"]
[BlackElo "1948"]
[PlyCount "53"]
[EventDate "2009.??.??"]
[EventType "tourn (rapid)"]
[EventRounds "6"]
[SourceTitle "Corr 2022"]
[Source "ChessBase"]
[SourceDate "2021.10.24"]
[SourceVersion "1"]
[SourceVersionDate "2021.10.24"]
[SourceQuality "1"]

1. e4 e6 2. d4 d5 3. Nc3 Nf6 4. Bg5 dxe4 5. Nxe4 Be7 6. Bxf6 gxf6 7. Nf3 a6 8. c4 f5 9. Nc3 Bf6 10. Qd3 b6 11. 0-0-0 Bb7 12. Qe3 Nd7 13. Bd3 Bxf3 14. gxf3 0-0 15. f4 c5 16. d5 Bd4 17. Qg3+ Kh8 18. Ne2 Qf6 19. Nxd4 cxd4 20. Kb1 Rg8 21. Qf3 Nc5 22. Rd2 a5 23. Rhd1 a4 24. Bc2 d3 25. Bxd3 a3 26. Qe3 Na4 27. Re1 1/2-1/2

[Event "FICGS rapid A 000033 email"]
[Site "FICGS email"]
[Date "2007.12.09"]
[Round "1"]
[White "Mueller Toepler, Michael"]
[Black "Vidanovic, Djordje"]
[Result "1/2-1/2"]
[WhiteElo "1998"]
[BlackElo "2078"]
[PlyCount "36"]
[EventDate "2007.??.??"]
[EventType "tourn (rapid)"]
[EventRounds "6"]
[SourceTitle "Corr 2022"]
[Source "ChessBase"]
[SourceDate "2021.10.24"]
[SourceVersion "1"]
[SourceVersionDate "2021.10.24"]
[SourceQuality "1"]

1. e4 e5 2. Nf3 Nc6 3. Bb5 Nf6 4. 0-0 Nxe4 5. d4 Be7 6. Qe2 Nd6 7. Bxc6 bxc6 8. dxe5 Nf5 9. Qe4 g6 10. Nd4 Nxd4 11. Qxd4 0-0 12. Bh6 Re8 13. Nc3 d5 14. exd6 Bf6 15. Qc4 cxd6 16. Qxc6 Rb8 17. Rab1 Be5 18. Qa4 Bd7 1/2-1/2

[Event "FICGS rapid A 000033 email"]
[Site "FICGS email"]
[Date "2007.12.09"]
[Round "1"]
[White "Vasquez, Fernando Jose Pinto"]
[Black "Vidanovic, Djordje"]
[Result "1-0"]
[WhiteElo "1912"]
[BlackElo "2078"]
[PlyCount "65"]
[EventDate "2007.??.??"]
[EventType "tourn (rapid)"]
[EventRounds "6"]
[SourceTitle "Corr 2022"]
[Source "ChessBase"]
[SourceDate "2021.10.24"]
[SourceVersion "1"]
[SourceVersionDate "2021.10.24"]
[SourceQuality "1"]

1. e4 c5 2. d4 cxd4 3. c3 Nf6 4. e5 Nd5 5. Nf3 Nc6 6. cxd4 d6 7. Bc4 Nb6 8. Bb5 dxe5 9. Nxe5 Bd7 10. Nxd7 Qxd7 11. Nc3 e6 12. 0-0 Be7 13. Qg4 0-0 14. Bxc6 Qxc6 15. Bh6 Bf6 16. Rfd1 Qd6 17. Ne4 Qe7 18. Bf4 Rfd8 19. Rac1 Rxd4 20. Bd6 Rxd6 21. Nxd6 Bxb2 22. Rc2 Bf6 23. Nb5 Nd5 24. Rdc1 g6 25. g3 Kg7 26. Qe4 Bg5 27. Qd4+ Bf6 28. Qc5 Qd7 29. Nc7 b6 30. Qb5 Qxb5 31. Nxb5 Be5 32. Rc8 a6 33. Rxa8 1-0

[Event "FICGS W-ch st1 g07 email"]
[Site "FICGS email"]
[Date "2007.07.11"]
[Round "1"]
[White "Ioan, Bucsa"]
[Black "Vidanovic, Djordje"]
[Result "1/2-1/2"]
[WhiteElo "1700"]
[BlackElo "1994"]
[PlyCount "136"]
[EventDate "2007.??.??"]
[EventType "tourn (corr)"]
[EventRounds "8"]
[SourceTitle "Corr 2022"]
[Source "ChessBase"]
[SourceDate "2021.10.24"]
[SourceVersion "1"]
[SourceVersionDate "2021.10.24"]
[SourceQuality "1"]

1. e4 c5 2. Nf3 d6 3. d4 cxd4 4. Nxd4 Nf6 5. Nc3 a6 6. Be2 e5 7. Nb3 Be7 8. 0-0 0-0 9. Be3 Be6 10. Nd5 Nxd5 11. exd5 Bf5 12. Qd2 Bg6 13. Na5 Qc7 14. Nc4 Nd7 15. a4 f5 16. f4 Rac8 17. a5 exf4 18. Bxf4 Nf6 19. Nb6 Rce8 20. Qb4 Nh5 21. Bd2 Nf6 22. Bd3 Ne4 23. Be3 Bf6 24. Rae1 Re7 25. Rf3 Rfe8 26. Ref1 Qd8 27. Nc4 Qd7 28. Qa3 Rf8 29. Kh1 Ref7 30. b3 Re8 31. Bb6 Rc8 32. Bxe4 fxe4 33. Rf4 Be7 34. Rxf7 Bxf7 35. Ne3 Rf8 36. Bd4 Bh5 37. Rxf8+ Kxf8 38. Qb4 Kg8 39. Qe1 Bg6 40. c4 Qd8 41. b4 Bg5 42. Qg3 h5 43. Nc2 Kh7 44. Kg1 Bh4 45. Qh3 Qe7 46. Qe3 Qf7 47. g3 Bd8 48. Qf4 Qd7 49. Ne3 Be7 50. Kg2 Qa4 51. Nf5 Qc2+ 52. Kh3 Bf8 53. Ne3 Qd3 54. Qxf8 Qxd4 55. Nf5 Qc3 56. Ne7 Qxc4 57. Nxg6 Kxg6 58. Qxd6+ Kh7 59. Qe6 e3 60. Qxe3 Qxd5 61. g4 hxg4+ 62. Kxg4 Kg6 63. Qe8+ Kf6 64. Qf8+ Kg6 65. Qe8+ Kf6 66. Qf8+ Kg6 67. Qe8+ Kf6 68. Qf8+ Kg6 1/2-1/2

[Event "FICGS W-ch st2 g02 email"]
[Site "FICGS email"]
[Date "2007.07.11"]
[Round "1"]
[White "Vidanovic, Djordje"]
[Black "Pires, Miguel"]
[Result "1-0"]
[WhiteElo "1994"]
[BlackElo "2248"]
[PlyCount "29"]
[EventDate "2007.??.??"]
[EventType "tourn (corr)"]
[EventRounds "8"]
[SourceTitle "Corr 2022"]
[Source "ChessBase"]
[SourceDate "2021.10.24"]
[SourceVersion "1"]
[SourceVersionDate "2021.10.24"]
[SourceQuality "1"]

1. e4 c5 2. Nf3 d6 3. Bc4 e6 4. 0-0 Nf6 5. Nc3 Nc6 6. d4 cxd4 7. Nxd4 Be7 8. Be3 a6 9. a4 0-0 10. Kh1 Qc7 11. Qe2 Na5 12. Ba2 Bd7 13. g4 g6 14. f4 Rac8 15. f5 1-0